Départements sans casino en France - Statistiques

Statistiques générales
  • Ce quiz a été pris 58 fois
  • Le résultat moyen est 16 sur 38
Statistiques - réponses
Départements % Correct
Aisne
61%
Seine Saint Denis
56%
Loiret
52%
Oise
52%
Eure
50%
Paris
50%
Cher
48%
Val de Marne
48%
Yvelines
48%
Indre
46%
Ardennes
44%
Meuse
44%
Seine et Marne
44%
Aube
43%
Eure et Loir
43%
Indre et Loir
43%
Lozere
43%
Essonne
41%
Guyane
41%
Yonne
41%
Correze
39%
Mayenne
39%
Mayotte
39%
Deux Sevres
37%
Drome
37%
Sarthe
37%
Haute Loire
35%
Territoire de Belfort
35%
Dordogne
33%
Haute Vienne
33%
Loir et Cher
33%
Meurthe et Moselle
33%
Tarn et Garonne
33%
Hauts de Seine
31%
Maine et Loire
31%
Vaucluse
31%
Charente
30%
Haute Corse
30%
Aucun quiz correspondant
Distribution des résultats
% des personnes avec chaque résultat
Percentile par nombre de réponses
Votre historique - résultats
Vous n’avez pas pris ce quiz